|
|
|
|
| LEADER |
00000nam a2200000 a 4500 |
| 001 |
vtls008296268 |
| 003 |
SK-MaSNL |
| 005 |
20260427111942.0 |
| 008 |
240315s1870 000 0 slo |
| 040 |
|
|
|a SNK
|b slo
|c SNK
|e rda
|
| 041 |
0 |
|
|a slo
|
| 043 |
|
|
|a e-xo---
|
| 044 |
|
|
|a xo
|c SK
|
| 080 |
|
|
|a (075)
|2 2011
|
| 100 |
1 |
|
|a Kordoš, Gustáv,
|d 1836-1908
|4 aut
|9 114817
|
| 245 |
1 |
0 |
|a Stručný prírodopis pre slovenské národné školy
|n Sväzok 1.
|p O zvieratoch
|
| 264 |
|
1 |
|a Skalica
|b Gustáv Kordoš
|c 1870
|
| 264 |
|
3 |
|a Skalica
|b Fr. X. Škarnycl syn
|c 1870
|
| 300 |
|
|
|a 60 s.
|
| 336 |
|
|
|a text
|b txt
|2 rdacontent
|
| 337 |
|
|
|a bez média
|b n
|2 rdamedia
|
| 338 |
|
|
|a zväzok
|b nc
|2 rdacarrier
|
| 500 |
|
|
|a Typografické linky
|
| 561 |
|
|
|a Na titulnom liste pretlačený exlibris: Dr. Korausch
|5 SNKSC 438/10
|
| 563 |
|
|
|a Preväzba, pevná väzba.
|5 SNKSC 438/10
|
| 563 |
|
|
|a Preväzba, pevná väzba modrej farby.
|5 SNKSC 438/10 D1
|
| 563 |
|
|
|a Preväzba, pevná väzba zelenej farby.
|5 SNKSC 438/10 D1
|
| 650 |
0 |
7 |
|a učebnice
|2 SNKPH
|9 74147
|
| 700 |
1 |
|
|a Škarnicel, František Xaver,
|d činný 19. a 20. storočie
|4 prt
|9 225850
|
| 700 |
1 |
|
|a Korausch
|4 fmo
|9 1636102
|
| 752 |
|
|
|a Slovensko
|d Skalica
|
| 852 |
|
|
|a snk
|p SNKSC 438/10
|
| 852 |
|
|
|a snk
|p SNKSC 438/10 D1
|
| 852 |
|
|
|a snk
|p SNKSC 438/10 D2
|
| 958 |
|
|
|a ONDV
|
| 999 |
|
|
|c 930341
|d 932271
|
| 952 |
|
|
|a SNK
|b SNK
|y PREZ
|7 0
|p 17A0483239
|o snkSC 438/10 D1
|i snkI.946/46
|8 21
|3 rekatalogizácia
|0 0
|1 0
|2 udc
|4 0
|d 2005-09-06
|l 0
|r 2026-02-24 08:46:00
|w 2026-02-24
|
| 952 |
|
|
|a SNK
|b SNK
|y PREZ
|7 0
|p 17A0483233
|o snkSC 438/10 D2
|i snkF 1978/70
|8 5
|3 rekatalogizácia
|0 0
|1 0
|4 0
|d 2005-09-06
|l 0
|r 2026-02-24 08:46:17
|w 2026-02-24
|
| 952 |
|
|
|a SNK
|b SNK
|y PREZ
|7 0
|p 17A0714670
|o snkSC 438/10
|i snk538/31
|8 21
|g 0.00
|0 0
|1 0
|2 udc
|4 0
|d 2026-03-25
|l 0
|r 2026-03-25 15:49:00
|w 2026-03-25
|